Marcelino

Bewaard in:
Bibliografische gegevens
Hoofdauteur: Silva Sánchez, José María
Formaat: Boek
Taal:Undetermined
Gepubliceerd in: París, Francia Deux Rives [s.f.]
Onderwerpen:
Tags: Voeg label toe
Geen labels, Wees de eerste die dit record labelt!

MARC

LEADER 00000nam a2200000Ia 4500
008 170316s9999 xx 000 0 und d
040 |a cru BVZT 
090 |a 862 S-11.1m 
100 |a Silva Sánchez, José María 
245 |a Marcelino 
260 |a París, Francia 
260 |b Deux Rives 
260 |c [s.f.] 
300 |a 105 páginas 
650 |a LITERATURA ESPAÑOLA 
650 |a ESTA EN IDIOMA FRANCÉS 
650 |a MARCELINO 
999 |c 10409  |d 10409 
942 |c 15 D  |h 862 S-11.1m  |2 z